Seconde Guerre mondiale (France) - Statistiques

Statistiques générales
  • Ce quiz a été pris 165 fois
  • Le résultat moyen est 4 sur 15
Statistiques - réponses
Question Réponse % Correct
Qui est le président de la République française en 1939 ? Albert Lebrun
50%
Qui est le commandant en chef des armées alliées à l'Ouest en 1939-1940 ? Le général Gamelin
50%
Qui est le ministre des Finances au début de la guerre ? Paul Reynaud
50%
Qui est le commandant français en Indochine ? Le général Catroux
44%
De combien de divisions blindées disposent la France au 10 mai 1940 ? 7
31%
Quel est le meilleur modèle de chasseur français du début de la guerre ? Dewoitine D - 520
31%
Qui est le dernier président du Conseil de la Troisième République ? Philippe Pétain
31%
Quel est le nom du dernier cuirassé français ? Jean-Bart
25%
Quel ministre commence en secret l'évacuation de l'or de la Banque de France ? Lucien Lamoureux
19%
Quel est le char réputé comme le meilleur du début de la guerre ? Somua S-35
19%
Quel est le nom du premier porte-avions français ? Béarn
13%
Quelle bataille est surnommée le Verdun de 1940 ? La bataille de Stonne
13%
Qui est le chef de la commission franco-britannique d'achat de matériel de guerre ? Jean Monnet
6%
Qui gère l'évacuation de Dunkerque côté français ? L'amiral Abrial
6%
Qui est l'amiral responsable de la flotte de Mers-el-Kébir ? L'amiral Gensoul
6%
Aucun quiz correspondant
Distribution des résultats
% des personnes avec chaque résultat
Percentile par nombre de réponses
Votre historique - résultats
Vous n’avez pas pris ce quiz